000 00271nam a22001337a 4500
082 _a823
_bGRA/W
100 _aGRAHAME KENNETH
245 _aTHE WIND AND THE WILLOWS
250 _a1
260 _bLADY BIRD
300 _a51
650 _aENGLISH SHORT STORY
942 _cBK
999 _c1969
_d1969